Propulsion systems for hybrid vehicles / (Record no. 32913)

000 -LEADER
fixed length control field 02691cam a2200541Ia 4500
001 - CONTROL NUMBER
control field 9412368
003 - CONTROL NUMBER IDENTIFIER
control field OSt
005 - DATE AND TIME OF LATEST TRANSACTION
control field 20211111104742.0
006 - FIXED-LENGTH DATA ELEMENTS--ADDITIONAL MATERIAL CHARACTERISTICS
fixed length control field m o d
007 - PHYSICAL DESCRIPTION FIXED FIELD--GENERAL INFORMATION
fixed length control field cr |n|||||||||
008 - FIXED-LENGTH DATA ELEMENTS--GENERAL INFORMATION
fixed length control field 100409s2010 enka fobm 001 0 eng d
016 7# - NATIONAL BIBLIOGRAPHIC AGENCY CONTROL NUMBER
Record control number 015530357
Source Uk
020 ## - INTERNATIONAL STANDARD BOOK NUMBER
International Standard Book Number 9781849191470
024 8# - OTHER STANDARD IDENTIFIER
Standard number or code 9786613286550
035 ## - SYSTEM CONTROL NUMBER
System control number (OCoLC)ocn759386435
035 ## - SYSTEM CONTROL NUMBER
System control number (OCoLC)759386435
Canceled/invalid control number (OCoLC)781716573
035 ## - SYSTEM CONTROL NUMBER
System control number (NNC)9412368
037 ## - SOURCE OF ACQUISITION
Source of stock number/acquisition Knovel Corporation
Stock number 4399
Note http://www.knovel.com
038 ## - RECORD CONTENT LICENSOR
Staff Name khadija
040 ## - CATALOGING SOURCE
Original cataloging agency AZU
Language of cataloging eng
Transcribing agency AZU
Modifying agency UKMGB
-- E7B
-- OCLCQ
-- N$T
-- VRC
-- KNOVL
-- HNK
-- VLB
-- ZCU
-- DEBSZ
-- BUF
-- CUS
-- OCLCQ
-- YDXCP
-- KNOVL
-- OCLCF
-- COO
050 #4 - LIBRARY OF CONGRESS CALL NUMBER
Classification number TL221.15
Item number .M55 2010eb
072 #7 - SUBJECT CATEGORY CODE
Subject category code TRA
Subject category code subdivision 001010
Source bisacsh
082 04 - DEWEY DECIMAL CLASSIFICATION NUMBER
Classification number 629.2293
Edition number 22
Author Mark MIL
100 1# - MAIN ENTRY--PERSONAL NAME
Personal name Miller, John M.,
Dates associated with a name 1949-
9 (RLIN) 83866
245 10 - TITLE STATEMENT
Title Propulsion systems for hybrid vehicles /
Statement of responsibility, etc. John M. Miller.
250 ## - EDITION STATEMENT
Edition statement 2nd ed.
260 ## - PUBLICATION, DISTRIBUTION, ETC.
Place of publication, distribution, etc. Stevenage :
Name of publisher, distributor, etc. Institution of Engineering and Technology,
Date of publication, distribution, etc. 2010.
300 ## - PHYSICAL DESCRIPTION
Extent 1 online resource (xiv, 593 p.) :
Other physical details ill.
490 1# - SERIES STATEMENT
Series statement IET renewable energy series ;
Volume/sequential designation 7
500 ## - GENERAL NOTE
General note Previous ed.: 2004.
504 ## - BIBLIOGRAPHY, ETC. NOTE
Bibliography, etc. note Includes bibliographical references and index.
505 0# - FORMATTED CONTENTS NOTE
Formatted contents note Hybrid vehicles -- Hybrid architectures -- Hybrid power plant specifications -- Sizing the drive system -- Electric drive system technologies -- Power electronics for ac drives -- Drive system control -- Drive system efficiency -- Hybrid vehicle characterisation -- Energy storage technologies -- Hybrid vehicle test and validation.
520 ## - SUMMARY, ETC.
Summary, etc. The following topics are dealt with: hybrid vehicles; hybrid power plant specifications; electric drive system; power electronics; AC drives; drive system control; hybrid vehicle characterization; energy storage technologies; and automated electrified transportation.
563 ## - BINDING INFORMATION
Binding note PB
650 #0 - SUBJECT ADDED ENTRY--TOPICAL TERM
Topical term or geographic name entry element Hybrid electric vehicles.
9 (RLIN) 55671
650 #0 - SUBJECT ADDED ENTRY--TOPICAL TERM
Topical term or geographic name entry element Propulsion systems.
9 (RLIN) 83867
650 #7 - SUBJECT ADDED ENTRY--TOPICAL TERM
Topical term or geographic name entry element TRANSPORTATION
General subdivision Automotive
-- Antique & Classic.
Source of heading or term bisacsh
9 (RLIN) 83868
650 #7 - SUBJECT ADDED ENTRY--TOPICAL TERM
Topical term or geographic name entry element Hybrid electric vehicles.
Source of heading or term fast
9 (RLIN) 55671
650 #7 - SUBJECT ADDED ENTRY--TOPICAL TERM
Topical term or geographic name entry element Propulsion systems.
Source of heading or term fast
9 (RLIN) 83867
655 #4 - INDEX TERM--GENRE/FORM
Genre/form data or focus term Electronic books.
9 (RLIN) 621
655 #7 - INDEX TERM--GENRE/FORM
Genre/form data or focus term Electronic books.
Source of term local
9 (RLIN) 621
710 2# - ADDED ENTRY--CORPORATE NAME
Corporate name or jurisdiction name as entry element Institution of Engineering and Technology.
9 (RLIN) 83202
776 08 - ADDITIONAL PHYSICAL FORM ENTRY
Relationship information Print version:
Main entry heading Miller, John M., 1949-
Title Propulsion systems for hybrid vehicles.
Edition 2nd ed.
Place, publisher, and date of publication Stevenage : Institution of Engineering and Technology, 2010
International Standard Book Number 9781849191470
Record control number (OCoLC)619653861
830 #0 - SERIES ADDED ENTRY--UNIFORM TITLE
Uniform title IET renewable energy series ;
Volume/sequential designation 7.
9 (RLIN) 83203
856 40 - ELECTRONIC LOCATION AND ACCESS
Uniform Resource Identifier <a href="http://www.columbia.edu/cgi-bin/cul/resolve?clio9412368">http://www.columbia.edu/cgi-bin/cul/resolve?clio9412368</a>
Public note ACADEMIC - Mechanics & Mechanical Engineering
942 ## - ADDED ENTRY ELEMENTS (KOHA)
Source of classification or shelving scheme
Koha item type Book
Holdings
Withdrawn status Lost status Source of classification or shelving scheme Damaged status Not for loan Permanent Location Current Location Shelving location Date acquired Full call number Barcode Date last seen Price effective from Koha item type
          School of Mechanical & Manufacturing Engineering (SMME) School of Mechanical & Manufacturing Engineering (SMME) General Stacks 12/11/2015 629.2293 MIL SMME-1790 03/29/2018 12/11/2015 Book
© 2023 Central Library, National University of Sciences and Technology. All Rights Reserved.